000 00672nam a2200241Ia 4500
003 OSt
005 20240806122311.0
008 210210b1963 xxu||||| |||| 00| 0 eng d
040 _cAL
041 _akan
082 _a859/1410
100 _aRANGANAYAKI (S)
_9155644
_dರಂಗನಾಯಕಿ (ಎಸ್)
245 _aBhanu
_bಭಾನು
260 _aBengaluru
_bAnanda Prakashana
_c1963
650 _ama
_9155645
650 _akraShNamUrti
_9155646
650 _aby
_9155647
650 _aBhAnu
_9155648
690 _aKannada Fiction
_9155649
700 _aಕೃಷ್ಣಮೂರ್ತಿ ಎಂ
_dkrashnamurti
_9175350
906 _a022143
942 _2ddc
_cBK
999 _c146249
_d146249